Logo BPK

Bibliografia Prac Pracowników

Politechniki Koszalińskiej

Badanie wrzenia pęcherzykowego czynnika chłodniczego w szczelinie pierścieniowej : (Rekord nr 2452)

Szczegóły MARC
000 -ETYKIETA REKORDU
podpole kontrolne o stałej długości 02155nam a2200421 i 4500
003 - IDENTYFIKATOR NUMERU KONTROLNEGO REKORDU
podpole kontrolne KOSZ 005
005 - DATA OSTATNIEJ MODYFIKACJI REKORDU
podpole kontrolne 20200616113402.0
008 - POLE O STAŁEJ DŁUGOŚCI - DANE KONTROLNE
podpole kontrolne o stałej długości 140303s2005 pl a f m |000 0 pol d
035 ## - NUMER SYSTEMOWY
Numer systemowy przejętego rekordu 2452
040 ## - ŹRÓDŁO KATALOGOWANIA
Instytucja, która utworzyła rekord KOSZ 005
Instytucja, która sporządziła opis KOSZ 005
Instytucja, która dokonała modyfikacji KOSZ 005/EG
041 ## - KOD JĘZYKA
Kod języka tekstu pol
046 ## - SPECIAL CODED DATES
Type of date code 2005
080 ## - UNIWERSALNA KLASYFIKACJA DZIESIĘTNA - UKD
UKD 621.5
084 ## - NUMER INNEJ KLASYFIKACJI
Numer klasyfikacji 370000
100 1# - NAZWA OSOBOWA
Nazwa osobowa Baran, Marcin.
Określenie rodzaju współpracy Autor
245 10 - TYTUŁ/ODPOWIEDZIALNOŚĆ
Tytuł Badanie wrzenia pęcherzykowego czynnika chłodniczego w szczelinie pierścieniowej :
Ciąg dalszy tytułu rozprawa doktorska /
Pozostałe elementy strefy tytułu i oznaczenia odpowiedzialności Marcin Baran ; Politechnika Koszalińska. Wydział Mechaniczny. Katedra Techniki Cieplnej i Chłodnictwa.
260 ## - STREFA ADRESU WYDAWNICZEGO
Miejsce wydania Koszalin :
Nazwa wydawcy/dystrybutora [s.n.],
Data publikacji, dystrybucji/powstania dokumentu 2005.
300 ## - STREFA OPISU FIZYCZNEGO
Objętość 112 stron :
Inne cechy fizyczne ilustracje ;
Rozmiary 30 cm +
Dokument towarzyszący 2 recenzje.
336 ## - TYP ZAWARTOŚCI
Źródło (terminu i kodu) rdacontent
Termin opisujący typ zawartości Tekst
Kod określający zawartość txt
337 ## - TYP MEDIÓW
Źródło (terminu i kodu) rdamedia
Tryb odtwarzania Bez urządzenia pośredniczącego
Kod typu mediów n
338 ## - TYP/RODZAJ NOŚNIKA
Źródło (terminu i kodu) rdacarrier
Hasło opisujące typ nośnika Wolumin
Kod typu nośnika nc
500 ## - UWAGI OGÓLNE
Tekst uwagi Druk jednostronny.
502 ## - UWAGA DOTYCZĄCA DYSERTACJI
Informacje o dysertacji Rozprawa doktorska. Politechnika Koszalińska. 2005.
504 ## - UWAGA DOTYCZACA BIBLIOGRAFII
Informacje o bibliografii Bibliografia na stronach 102-106.
520 ## - UWAGA DOTYCZĄCA TREŚCI DOKUMENTU
Analiza dokumentacyjna, adnotacja itp. Celem pracy jest analiza eksperymentalna i teoretyczna procesu wrzenia pęcherzykowego w pionowym kanale o kształcie szczeliny pierścieniowej z zastosowaniem proekologicznego czynnika chłodniczego. W tezie pracy założono, że w mechanizmie przekazywania energii w procesie wrzenia pęcherzykowego w przepływie największą rolę odgrywają trzy sposoby: przewodzenie ciepła od ścianki kanału do rdzenia turbulentnego, efektywność oddziaływania upustów ciepła oraz turbulizacja cieczy przez powstające na ściance i odrywające się od ścianki pęcherzyki parowe.
653 ## - TERMIN INDEKSOWY - FORMA NIEKONTROLOWANA
Termin indeksowy Wymiana ciepła
653 ## - TERMIN INDEKSOWY - FORMA NIEKONTROLOWANA
Termin indeksowy Wrzenie pęcherzykowe
653 ## - TERMIN INDEKSOWY - FORMA NIEKONTROLOWANA
Termin indeksowy Wymienniki ciepła
653 ## - TERMIN INDEKSOWY - FORMA NIEKONTROLOWANA
Termin indeksowy Czynnik chłodniczy
658 ## - INDEX TERM--CURRICULUM OBJECTIVE
Main curriculum objective Inżynieria i technika
655 #4 - TERMIN INDEKSOWY - OKREŚLENIE RODZAJU/FORMY DOKUMENTU
Określnie rodzaju/formy dokumentu Rozprawa doktorska
700 1# - HASŁO DODATKOWE - NAZWA OSOBOWA
Nazwa osobowa Bohdal, Tadeusz.
Określenie związku między hasłem a opisywanym materiałem Promotor
700 1# - HASŁO DODATKOWE - NAZWA OSOBOWA
Nazwa osobowa Czapp, Marian.
Określenie związku między hasłem a opisywanym materiałem Recenzja
700 1# - HASŁO DODATKOWE - NAZWA OSOBOWA
Nazwa osobowa Poniewski, Mieczysław E.
Określenie związku między hasłem a opisywanym materiałem Recenzja
710 2# - HASŁO DODATKOWE - NAZWA CIAŁA ZBIOROWEGO
Nazwa ciała zbiorowego lub jednostki geograficznej Wydział Mechaniczny (Politechnika Koszalińska)
942 ## - HASŁO DODATKOWE - ELEMENTY(KOHA)
Typ dokumentu Rozprawa doktorska
Schemat klasyfikacji Uniwersalna klasyfikacja dziesiętna
Egzemplarze
Wycofany Zagubiony Dołączone materiały Uszkodzony Dostępność Lokalizacja stała Lokalizacja bieżąca Miejsce przechowywania Sygnatura Kod kreskowy Typ dokumentu
    2 recenzje   Tylko na miejscu Bibliografia Prac Pracowników - BPK Bibliografia Prac Pracowników - BPK Informatorium RD 089 00901284 Rozprawa doktorska
© 2014 Biblioteka Politechniki Koszalińskiej :: BIBLIOGRAFIA PRAC PRACOWNIKÓW